000 nam a22 7a 4500
999 _c47303
_d47303
003 OSt
005 20190508102546.0
008 190508b xxu||||| |||| 00| 0 eng d
040 _cIIMT COLLEGE OF ENGINEERING,GREATER NOIDA
100 _aFLETCHER,R.
245 _aPRACTICAL METHODS OF OPTIMIZATION
260 _aNEW DELHI
_bJOHN WILEY
_c2003
300 _a436
942 _2ddc
_c02